000 00445nam a22001097a 4500
008 150615b xxu||||| |||| 00| 0 eng d
010 _8HCCRSF;001
245 _aHIGH COURT CRIMINAL SESSION No.431 of 1968 Uganda Vs Yusuf Kyaze
260 _aHigh Court Kampala
500 _3(Original Criminal Case No.A.46 of 1968 of the District Court of Mengo at Kampala Before: M.R.Thakerar, Esq., Magistrate Grade 1)
500 _3Before: Hon. Mr.Justice Dickson
999 _c6204
_d6204